00260nam a22000857a 4500100002800000100001100028245006300039260003000102700004200132 aSyed Mohammad Aftab Ali a07ME02 aDevelopment of Cotton Fiber Reinforced Composite Material  aNawabshah:bQUEST,c2007. aDepartment of Mechanical Engineering